Les 10 villes du Royaume-Uni les plus peuplées commençant par K - Statistiques

Statistiques générales
  • Ce quiz a été pris 7 fois
  • Le résultat moyen est 1 sur 10
Statistiques - réponses
# Ville Population % Correct
1 Kingston upon Hull 314.018
86%
7 Kilmarnock 46.350
43%
5 Keighley 50.171
0%
3 Kettering 63.675
0%
4 Kidderminster 57.059
0%
10 Kidsgrove 29.480
0%
8 King's Lynn 46.093
0%
2 Kingswood 64.793
0%
9 Kirkby 42.744
0%
6 Kirkcaldy 49.460
0%
Aucun quiz correspondant
Distribution des résultats
% des personnes avec chaque résultat
Percentile par nombre de réponses
Votre historique - résultats
Vous n’avez pas pris ce quiz